| 000 | 01468aam a2200445a 44500 | ||
|---|---|---|---|
| 008 | 040213s2002 cat | ||
| 017 | _aB-46380-2002 | ||
| 020 | _a8439359845 | ||
| 041 | _acat | ||
| 041 | _beng | ||
| 041 | _bspa | ||
| 080 | _a618.1(038) | ||
| 100 |
_aRamis i Coris, J. _960839 |
||
| 245 | _aDe ginecologia i d'obstetrícia, n'hauríem de parlar | ||
| 245 | _cJoaquim Ramis i Coris | ||
| 245 | _cOriol Casassas | ||
| 260 | _aBarcelona | ||
| 260 | _bGeneralitat de Catalunya. Departament de Sanitat i Seguretat Social | ||
| 260 | _c2002 | ||
| 300 |
_a77 p. _c21 cm. |
||
| 490 |
_aReculls Lexicogràfics Berenguer Sarriera; _v13 |
||
| 500 | _aApèndix anglès-català | ||
| 500 | _aVocabulari castellà-català | ||
| 520 | _aaprox. 250 | ||
| 591 | _a8490 | ||
| 592 | _aObra terminològica | ||
| 593 | _aEH | ||
| 594 | _a8490 | ||
| 650 |
_aginecologia _964643 |
||
| 650 |
_aobstetrícia _963620 |
||
| 700 |
_aCasassas, O. _960838 |
||
| 830 |
_aReculls Lexicogràfics Berenguer Sarriera; _v13 _960840 |
||
| 856 | _uhttps://canalsalut.gencat.cat/web/.content/_Professionals/Recursos/altres_recursos_interes/serveis_linguistics/diccionaris_terminologia/altres_recursos_terminologics/colleccio_reculls_lexicografics/documents/arxius/rele13.pdf | ||
| 901 | _c<2002> | ||
| 902 | _a040213 | ||
| 942 |
_cMO _n0 _2ddc |
||
| 999 |
_c62822 _d62822 |
||